000 00321nam a2200121 4500
999 _c10850
_d10850
003 OSt
005 20221017155631.0
008 221017b ||||| |||| 00| 0 eng d
100 _aCharles H Hayward
245 _aEnglish rooms and their decoration at a glance
260 _aLondon
_bArchitectural Press, 1925
942 _2ddc